000 00357nam a2200121Ia 4500
008 231129s9999||||xx |||||||||||||| ||spa||
040 _bspa
082 _a870.03 N397a
100 _aNeira Fernandez Carmenza
245 0 _aAntologia de textos de literatura medieval
264 _aUniversidad Santo Tomas-Centro de Ensenanza Desescolarizada
942 _2ddc
_cBKS
999 _c5294
_d5294